Automatizácia inžinierskych prác (príručka používateľa)

Bibliographic Details
Format: Book
Language:Slovak
PhysicalDescription:162 strán ilustrácie, schémy 21 cm
Published: Banská Bystrica Dom techniky ZSVTS 1990
ISBN:8023000683
Subjects:

MARC

LEADER 00000cam a2200000 a 4500
001 vtls001441256
003 SK-MaSNL
005 20260302061518.0
008 240226s1990 xo al frf 000 0 slo
015 |a SNBA2003/01-00100 
020 |a 8023000683  |q (brožované) 
035 |a SNK000396438 
035 |a urn:nbn:sk:snk-amkobr 
035 |a urn:nbn:sk:snk-am0086f4 
035 |a B42ED2B9-095B-4DF4-8E2A-847407C627DF 
040 |a SNK  |b slo  |c SNK  |e AACR2 
041 0 |a slo 
044 |a xo  |c SK 
072 7 |a 004.4/.6  |x Programovanie. Softvér  |2 konspekt 
080 |a 004.42  |2 2011 
080 |a 004.43  |2 2011 
080 |a 004.42AutoCAD  |2 2001 
080 |a (035)  |2 2011 
080 |a (082)  |2 2011 
245 0 0 |a Automatizácia inžinierskych prác (príručka používateľa) 
246 1 4 |a AIP AutoCAD ver. 10.0  |n 1. časť  |b zborník 
260 |a Banská Bystrica  |b Dom techniky ZSVTS  |c 1990 
300 |a 162 strán  |b ilustrácie, schémy  |c 21 cm 
500 |a Názov z obalu: AIP AutoCAD ver. 10.0 : 1. časť : zborník 
650 0 7 |a AutoCAD 10.0  |2 SNKPH  |9 104124 
650 0 7 |a automatizácia inžinierskych prác  |2 SNKPH  |9 587234 
650 0 7 |a počítačové programovanie  |2 SNKPH  |9 1224 
650 0 7 |a programovacie jazyky  |2 SNKPH  |9 1838 
655 7 |a príručky  |2 SNKPH  |9 74364 
655 7 |a zborníky  |2 SNKPH  |9 70165 
852 |a Slovenská národná knižnica 
919 |a 80-230-0068-3 
954 |a odborná, vedecká literatúra pôvodná (slovenská)  |2 lita 
958 |a RK 
958 |a TL 
958 |a EUIPO 
958 |a OND 
958 |a ZB 
999 |c 1125720  |d 1127650 
952 |a SNK  |b SNK  |y PREZ  |7 0  |p 17A0357200  |o snkSC 109367/1  |i snkKSP 11685/2002  |0 0  |1 0  |4 0  |d 2002-09-23  |f 1  |l 0  |r 2025-09-30 00:00:00  |w 2026-02-24